| 000 | 00772cam a22002173a 4500 | ||
|---|---|---|---|
| 001 | 45941 | ||
| 003 | PGUSA | ||
| 005 | 20140828084054.0 | ||
| 008 | 140611s2014||||xxu|||||s|||||000 | eng d | ||
| 040 |
_aPGUSA _beng |
||
| 042 | _adc | ||
| 100 | 1 | _aPercy, Thomas | |
| 245 | 1 | 0 |
_aReliques of Ancient English Poetry, Volume III (of 3) : _bConsisting of Old Heroic Ballads, Songs and Other Pieces of Our Earlier Poets Together With Some Few of Later Date _h[electronic resource] / _cThomas Percy |
| 260 |
_bProject Gutenberg, _c2014 |
||
| 506 | _aPublic domain in the USA. | ||
| 516 | _aElectronic text | ||
| 700 | 1 |
_aWheatley, Henry B. _q(Henry Benjamin), _d1838-1917 |
|
| 830 | 0 |
_aProject Gutenberg _v45941 |
|
| 856 | 4 | 0 | _uhttp://www.gutenberg.org/ebooks/45941 |
| 942 | _cEB | ||
| 999 |
_c275190 _d275190 |
||